00845nam a2200217 i 4500001001000000003000900010005001700019008004100036040003000077082001300107110002700120240001200147245013400159246006400293264005300357300002500410336002700435337003300462338002800495500010400523000045153DO-SdBNP20240621113234.0240621s1997 dr r 000 0 spa d aDO-SdBNPbspacBNPHUerda 4bR4262221 aRepública Dominicana10a[Leyes]10aLey de Cheques No. 2859 del 30 de abril de 1951 G.O. #7284 :bLey general de bancos No. 708 del 14 de abril de 1965 G.O. #8940. /12aLey sobre bancos No. 708 del 14 de abril de 1965 G.O. #8940 1aSanto Domingo :bEditora no identificada,c1997. a46 páginasc22 cm. 2rdacontentatextobtxt 2rdamediaasin mediaciónbn 2rdacarrieravolumenbnc aLey No. 251, transferencia internacional de fondos entrega de divisas al Banco Central GO. No. 8859